000 00685nam a2200265Ia 4500
005 20260121170149.0
008 008 260114s9999 xx 000 0 eng d
020 _a9783319655604
037 _aEBOOK
040 _aCRL
040 _beng
040 _cCRL
041 _2eng
041 _aeng
084 _qCRL
100 _aFrancisco Sierra Caballero, Tommaso Gravante
_91060578
245 0 _aNetworks, Movements and Technopolitics in Latin America
260 _bSpringer
260 _bSpringer
260 _c2018
856 _uhttps://link.springer.com/openurl?genre=book&isbn=978-3-319-65560-4
942 _cEBOOK
999 _c1626307
_d1626307